000
00306nam a2200133Ia 4500
008
191201s2014 xx 000 0 und d
100
_a
JAWADEKAR,Waman S
245
0
_a
Management Information Systems
250
_a
Rep
260
_c
2014
_b
TMH
_a
N. Delhi
300
_a
814
650
_a
ME
942
_2
ddc
_c
BB
999
_c
7649
_d
7649